| 000 | 00588nam a2200181Ia 4500 | ||
|---|---|---|---|
| 008 | 100920s9999 xx 000 0 und d | ||
| 082 |
_b74406 _a891.43 थ 69 |
||
| 100 | _aसिंह बलवंत. | ||
| 245 | _aसूना आसमान. | ||
| 260 |
_bहिन्द पॉकेट बुक्स प्राइवेट लिमिटेड. _c1969 |
||
| 300 |
_a183 _bसाधी |
||
| 365 | _b2 | ||
| 520 | _aहिंदी. | ||
| 630 | _aसूना आसमान. | ||
| 650 | _aहिंदी. | ||
| 730 | _aसूना आसमान. | ||
| 942 | _cBOOK | ||
| 999 |
_c716004 _d716001 |
||